000 00523cam a22001932 4500
001 0000002851
005 20151217151906.0
008 070420s xx 000 0 eng d
020 _a080213419X :
040 _aKABU
_cKABU
050 0 _aPS3557
_b.I43L37
100 1 _aGilb, Dagoberto.
_@0000152354
245 1 4 _aThe Last known residence of Mickey Acuna.
260 _aNew York :
_bGrove Press,
_c1994.
300 _a218 p.
908 _a070420
950 _@1
999 _c6054
_d6054